Hauptstädte nur mit A - Statistiken

Allgemein
  • Dieses Quiz wurde 75 mal gespielt
  • Das Durchschnittsergebnis liegt bei 9 aus 21
Antwortstatistiken
Country % Korrekt
3a Ankara
68%
4a Panama-Stadt
54%
3a Astana
53%
2a Accra
51%
2a Rabat
51%
3a Caracas
49%
2a Bagdad
46%
2a Amman
44%
3a Manama
44%
2a Dhaka
42%
1a Prag
42%
2a Dakar
40%
3a Asmara
39%
3a Sanaa
39%
3a Jakarta
37%
2a Kapstadt
30%
2a Maskat
28%
3a Asgabat
26%
2a La Paz
26%
3a Havanna
25%
3a Kampala
23%
Keine übereinstimmenden Quizze gefunden
Verteilung der Resultate
Anzahl Personen mit jedem Resultat
Perzentil nach korrekt beantworteten Fragen
Ihre Resultats-Entwicklung
Sie haben dieses Quiz noch nicht gespielt